01755nam a2200265 i 4500003000400000005001700004008004100021020003700062040002500099082001800124100006100142245007900203264007500282300006400357336002100421337002500442338002300467520080500490600004501295650002101340650004101361650003601402655003701438655001401475OSt20240215114957.0240213s2022 si af gr 000 0aeng d a9789815058802cRM95.90qhardback aPPAKbengcPPAKerda04a338.040922230 aVivy Yusof,d1987-q(Vivy Sofinas binti Yusof),eauthor.10aThe First Decade : bMy Journey from Blogger to Entrepreneur /cVivy Yusof 1aSingapore :bPenguin Books, an imprint of Penguin Random House, c2022 a220 pages :b16 colour plates, colour photographs ; c24 cm atext2rdacontent aunmediated2rdamedia avolume2rdacarrier a"I started a blog. I borrowed USD 16,000. And now, I’ve built a multimillion dollar fashion company, garnered 1.8 million followers on Instagram and managed to squeeze in time to get married and give birth to not one, but four children. Perfect for young entrepreneurs, this book shares the secrets of my entrepreneurial journey so far—from starting a business with my boyfriend (telling my dad sure was fun), to fundraising, to managing a team of 400 people, to dealing with the good and bad of social media, and to pretending to nod when my tech team talks about cookies. I share my proud wins for you to get inspired by, and my juicy failures for you to eat popcorn to. Always a work in progress, my story is unfinished. But for now, allow me to present to you, The First Decade"--cAmazon.com0 aVivy Yusof,q(Vivy Sofinas binti Yusof).10aAutobiographies 20aBusinesspeople vBiographyzMalaysia20aBloggers zMalaysia vBiography 7aAutobiographies (literary works) 7aBiography